000 01627naa a22003497a 4500
001 BR9403466
003 BR-BrBNA
005 20240918181149.0
007 ta
008 230509b bl.||||| |||| 00| 0 por d
040 _aBR-BrBNA
_bpor
_cBiblioteca Nacional de Agricultura
041 _a(Pt)
072 _aF06
_b0230
090 _aF06 BR9403466
100 1 _aTuller, V.V.
100 1 _aNascif, A.E.
100 1 _aSouza, D. de
100 1 _aAzevedo, H.J. de
111 1 _a2. Congresso Nacional da Sociedade de Tecnicos Acucareiros do Brasil1. Simposio Latino-Americano sobre Modalidades de Financiamento a Producao de Energia Renovavel
_cRio de Janeiro, RJ (Brazil)
_d16-21 Aug 1981
245 1 _aExigencias hidricas de cinco variedades de cana-de-acucar em solos de baixada
260 3 _aRio de Janeiro, RJ (Brasil):
_c1981.
500 _aAnais do 2. Congresso Nacional da Sociedade de Tecnicos Acucareiros do Brasil e do 1. Simposio Latino-Americano sobre Modalidades de Financiamento a Producao de Energia Renovavel Rio de Janeiro, RJ (Brasil): 1981. v. 3 p. 325-344 (BR9403466-AM)F06
650 _aCana de Acucar
650 _aVariedade
650 _aIrrigacao por Aspersao
650 _aComportamento de Variedade
650 _aProdutividade
650 _aRio de Janeiro
773 0 _tAnais do 2. Congresso Nacional da Sociedade de Tecnicos Acucareiros do Brasil e do 1. Simposio Latino-Americano sobre Modalidades de Financiamento a Producao de Energia Renovavel
_wF06 BR9403466
_gRio de Janeiro, RJ (Brasil), 1981. v. 3 p. 325-344
909 _a202404
_bLucia
_c55
_dLucia Elande
942 _cAM
_2AGRIS
999 _c323893
_d323893